| 000 | 01309 a2200289 4500 | ||
|---|---|---|---|
| 001 | 23182 | ||
| 005 | 20260407155521.0 | ||
| 008 | 260407a1996 arg spa d | ||
| 003 | AR-UNSa-BCEJYS | ||
| 040 |
_aAR-UNSa-BCEJYS _bspa _cAR-UNSa-BCEJYS |
||
| 080 |
_a330 _xEconomía en general |
||
| 245 | 1 | 0 | _aEconomia |
| 020 | _a978-84-481-0607-2 | ||
| 250 | _a15a. ed. | ||
| 264 | 1 |
_aMéxico : _bMcGraw-Hill _c1996 |
|
| 300 |
_axxxviii, 808 p. _c23 cm. |
||
| 505 | _aParte I: Conceptos basicos - Parte II: Microeconomia: La oferta, la demanda y los mercados de productos - Parte III: Los mercados de factores y la distribución de la renta - Parte IV: La eficiencia, la equidad en el medio ambiente y el estado - Parte V: Conceptos fundamentales de Macroeconomia - Parte VI: La oferta agregada, el crecimiento económico y la politica macroeconomica - Parte VII: El comercio internacional y la económia mundial. | ||
| 041 | _aspa | ||
| 942 | _cBK | ||
| 590 | _aniveau_biblio:m niveau_hierar:0 | ||
| 100 | 1 | _aSamuelson, Paul A. | |
| 700 | 1 | _aNordhaus, William D. | |
| 700 | 1 | _aRabasco, María Esther | |
| 700 | 1 | _aMandel, Michel J. | |
| 700 | 1 | _aToharia Cortés, Luis | |
| 856 | 4 | 1 |
_uhttps://biblioeco.unsa.edu.ar/pmb/images/libros/Economia 15ed (samuelson-nordhaus).jpg _yImagen de portada _qimage/jpeg |
| 999 |
_c1095 _d1095 |
||